Excavaciones en la Necrópolis del Puig des Molins, Evissa: las campañas de D. Carlos Román Ferrer 1921-1929
Furkejuvvon:
| Váldodahkki: | |
|---|---|
| Materiálatiipa: | Girji |
| Giella: | espánnjágiella |
| Almmustuhtton: |
Ibiza, España
Conselleria de Cultura
1992
|
| Ráidu: | Trabajos del Museo Arqueológico de Ibiza,
28-29 |
| Fáttát: | |
| Fáddágilkorat: |
Lasit fáddágilkoriid
Eai fáddágilkorat, Lasit vuosttaš fáddágilkora!
|
MARC
| LEADER | 00000nam a2200000 a 4500 | ||
|---|---|---|---|
| 001 | UCP7824 | ||
| 003 | CL-VaPUC | ||
| 005 | 20240611105631.0 | ||
| 008 | 000106e19920000SP |||||||||||||||||spa|d | ||
| 999 | |c 284866 |d 284864 | ||
| 040 | |c Pontificia Universidad Católica de Valparaíso | ||
| 082 | 0 | 4 | |a 930.146 FER 1992 |2 21 |
| 100 | 0 | |a Fernández, Jorge H |e author |9 437422 | |
| 245 | 1 | 0 | |a Excavaciones en la Necrópolis del Puig des Molins, Evissa: |b las campañas de D. Carlos Román Ferrer 1921-1929 |
| 260 | |a Ibiza, España |b Conselleria de Cultura |c 1992 | ||
| 300 | |a 3 volúmenes | ||
| 490 | 0 | |a Trabajos del Museo Arqueológico de Ibiza, |v 28-29 | |
| 500 | |a Incluye planos del área de escavaciones | ||
| 500 | |a v.1: Historia de la investigación de la Necropólis del Puig des Molins | ||
| 500 | |a v.2: Estudio de los materiales de epoca púnica | ||
| 500 | |a v.3: Figuras y láminas | ||
| 583 | |a last modification |c 20000106 00:00:00 |k Rodrigo Vera | ||
| 650 | 0 | |a Arqueología |z IBIZA |z ESPAÑA |9 265619 | |
| 650 | 7 | |a NECROPOLIS |2 CL-VaPUC |9 437423 |z IBIZA |z ESPAÑA | |
| 650 | 7 | |a EXCAVACIONES ARQUEOLOGICAS |2 CL-VaPUC |9 310948 |z ESPAÑA |z IBIZA | |
| 852 | |a BIBCUR | ||
| 942 | |c BK |2 ddc | ||
| 945 | |d 20000106 00:00:00 |a rherrera | ||
| 952 | |0 0 |1 0 |2 ddc |4 0 |6 930_146000000000000_FER_1992 |7 0 |8 A |9 329161 |a BIBHIS |b BIBHIS |d 2019-11-20 |h v.1 |i 1379607 |o 930.146 FER 1992 |p 1379607 |r 2025-01-20 |t 1 |w 2019-11-20 |y BK |k HIS | ||
| 952 | |0 0 |1 0 |2 ddc |4 0 |6 930_146000000000000_FER_1992 |7 0 |8 A |9 329162 |a BIBHIS |b BIBHIS |d 2019-11-20 |h v.2 |i 1379615 |o 930.146 FER 1992 |p 1379615 |r 2025-01-20 |t 1 |w 2019-11-20 |y BK |k HIS | ||
| 952 | |0 0 |1 0 |2 ddc |4 0 |6 930_146000000000000_FER_1992 |7 0 |8 A |9 329163 |a BIBHIS |b BIBHIS |d 2019-11-20 |h v.3 |i 1379623 |o 930.146 FER 1992 |p 1379623 |r 2025-01-20 |t 1 |w 2019-11-20 |y BK |k HIS | ||